Produktom manažérskeho tímu sú dobré rozhodnutia

Efektívne modely rozhodovania a užitočné kroky zamerané na podporu schopností manažérov robiť správne a dobré rozhodnutia. Ako naučiť ľudí robiť správne rozhodnutia. Najhoršie praktiky, ktoré poškodzujú klímu riešenia problémov. Výber "worst practices".

Gespeichert in:
Bibliographische Detailangaben
1. Verfasser: Burger, Ivan
Format: Buchkapitel
Sprache:Slowakisch
Schlagworte:
Tags: Tag hinzufügen
Keine Tags, Fügen Sie das erste Tag hinzu!

MARC

LEADER 00000naa a2200000 4500
001 0117797
005 20231116120909.5
041 0 |a slo 
044 |a SK 
245 1 0 |a Produktom manažérskeho tímu sú dobré rozhodnutia  |c Ivan Burger 
520 |a Efektívne modely rozhodovania a užitočné kroky zamerané na podporu schopností manažérov robiť správne a dobré rozhodnutia. Ako naučiť ľudí robiť správne rozhodnutia. Najhoršie praktiky, ktoré poškodzujú klímu riešenia problémov. Výber "worst practices". 
610 2 0 |a manažéri 
610 2 0 |a rozhodovanie manažérske 
610 2 0 |a manažment znalostný 
610 2 0 |a riadenie znalostí 
610 2 0 |a programy riadiace 
610 2 0 |a vedenie podniku 
610 2 0 |a vedenie ľudí 
610 2 0 |a ekonomika vedomostná 
610 2 0 |a procesy podnikové 
100 1 |a Burger, Ivan